| 000 | 00689 a2200181 4500 | ||
|---|---|---|---|
| 003 | Nust | ||
| 005 | 20221013130453.0 | ||
| 020 | _a1568302282 | ||
| 040 | _cNust | ||
| 082 | _a005.72,HOL | ||
| 100 |
_aHolden, Greg _9100147 |
||
| 245 |
_aPublishing on the world wide web for Macintosh / _cGreg Holden |
||
| 260 |
_aNew York _bHayden _c1995 |
||
| 300 | _a534 p.: | ||
| 505 | _aPart I. Why You Should Publish On The Www (Page-10), Part II. How To Publish On The Web (Page-70), Making Your Web Page Look And Read Professionally (Page-292), Things To Consider When Going Online (Page-402)Part-5: Appendixes (Page-466). | ||
| 650 |
_aPublishing on web _9100148 |
||
| 942 |
_2ddc _cBK _k005.72,HOL |
||
| 999 |
_c194758 _d194758 |
||